[Event "5eme Open International de La Fere"]
[Site "La Fere (FRA)"]
[Date "2006.07.10"]
[Round "4.29"]
[White "Lonnoy, Remi"]
[Black "Timmermans, Eric"]
[Result "1/2-1/2"]
[WhiteElo "1985"]
[BlackElo "1730"]
[PlyCount "87"]
[EventDate "2006.07.08"]

1. d4 Nf6 2. c4 e5 3. dxe5 Ng4 4. Nf3 Nc6 5. b3 Ngxe5 6. Bb2 Bb4+ 7. Nc3 Nxf3+
8. exf3 O-O 9. Be2 Qf6 10. Rc1 Nd4 11. O-O Nxe2+ 12. Qxe2 Qe6 13. Qc2 Bxc3 14.
Qxc3 Qg6 15. Rfe1 d6 16. Kh1 Be6 17. Ba3 Rfd8 18. Re3 Rd7 19. f4 Qf6 20. Qxf6
gxf6 21. Bb2 h6 22. Bxf6 Kh7 23. Rg3 Rg8 24. Rxg8 Kxg8 25. Rc3 d5 26. cxd5 Rxd5
27. h4 Rd2 28. Rg3+ Kf8 29. Bg7+ Ke7 30. Bxh6 Rxa2 31. h5 Ra5 32. Rg5 Rxg5 33.
Bxg5+ f6 34. h6 Bg8 35. Bh4 Ke6 36. g4 f5 37. g5 Kf7 38. f3 a5 39. Be1 b6 40.
b4 a4 41. Kg1 Bh7 42. Kf2 Ke6 43. Ke3 Kd5 44. Kd3 1/2-1/2

[Event "5eme Open International de La Fere"]
[Site "La Fere (FRA)"]
[Date "2006.07.10"]
[Round "4.30"]
[White "Swiercz, Sonia"]
[Black "Demeestere, Laurent"]
[Result "0-1"]
[WhiteElo "1707"]
[BlackElo "1954"]
[PlyCount "64"]
[EventDate "2006.07.08"]

1. e4 d5 2. exd5 Nf6 3. Nc3 Nxd5 4. Bc4 e6 5. Nxd5 exd5 6. Bb3 c6 7. d4 Bd6 8.
Nf3 O-O 9. O-O Bg4 10. Qd3 Bxf3 11. Qxf3 Qh4 12. g3 Qxd4 13. c3 Qe5 14. Be3 Nd7
15. Rae1 Qf6 16. Qe2 Rfe8 17. Qd2 Ne5 18. f4 Nd7 19. Bd4 Bc5 20. Bxc5 Nxc5 21.
Bc2 Ne4 22. Qg2 Nd6 23. Qh3 g6 24. Rxe8+ Rxe8 25. Qg4 Qe7 26. Kg2 Nc4 27. Kg1
Ne3 28. Qe2 Nxf1 29. Qxf1 Qe3+ 30. Kh1 Qe2 31. Bd3 Qxf1+ 32. Bxf1 Re1 0-1

[Event "5eme Open International de La Fere"]
[Site "La Fere (FRA)"]
[Date "2006.07.10"]
[Round "4.31"]
[White "Diener, Jean-Denis"]
[Black "Mestdagh, Franck"]
[Result "1/2-1/2"]
[WhiteElo "1761"]
[BlackElo "1901"]
[PlyCount "98"]
[EventDate "2006.07.08"]

1. d4 Nf6 2. c4 c5 3. d5 b5 4. cxb5 a6 5. e3 d6 6. Nc3 g6 7. Bd3 Bg7 8. Nge2
O-O 9. O-O axb5 10. Bxb5 Ba6 11. a4 Bxb5 12. Nxb5 Na6 13. Rb1 Nb4 14. Nbc3 Nd7
15. f4 c4 16. b3 cxb3 17. Rxb3 Qa5 18. Ba3 Na6 19. Nd4 Nac5 20. Bb4 Qa6 21. Ra3
Kh8 22. Ncb5 Qb7 23. Nc6 Rfe8 24. Rf2 Nxa4 25. Rxa4 Qxb5 26. Rfa2 Rxa4 27. Rxa4
Nb6 28. Ra5 Qc4 29. Qf1 Qe4 30. Qf3 Qb1+ 31. Qf1 Qxf1+ 32. Kxf1 Nc4 33. Ra7
Nxe3+ 34. Ke2 Nxd5 35. Bd2 Bf6 36. g4 h6 37. Kd3 Kg7 38. g5 hxg5 39. fxg5 Be5
40. Nxe5 dxe5 41. Ke4 e6 42. h4 Rc8 43. Be1 Rc2 44. Bg3 Re2+ 45. Kf3 Re3+ 46.
Kg4 Kf8 47. Ra8+ Ke7 48. Ra7+ Kf8 49. Ra8+ Ke7 1/2-1/2

[Event "5eme Open International de La Fere"]
[Site "La Fere (FRA)"]
[Date "2006.07.10"]
[Round "4.32"]
[White "Marchal, Chantal"]
[Black "Rigolot, Lucie"]
[Result "1-0"]
[WhiteElo "1900"]
[BlackElo "1690"]
[PlyCount "93"]
[EventDate "2006.07.08"]

1. e4 c5 2. Nf3 d6 3. d4 cxd4 4. Nxd4 Nf6 5. Nc3 a6 6. Be2 e6 7. Be3 Be7 8. O-O
O-O 9. a4 Nbd7 10. f4 Nc5 11. Bf3 Bd7 12. b4 e5 13. Nde2 Ne6 14. f5 Nc7 15. Bb6
Bc6 16. b5 Bd7 17. g4 Kh8 18. g5 Ng8 19. Nd5 Qc8 20. Bxc7 axb5 21. axb5 Bxb5
22. Rxa8 Qxa8 23. Nxe7 Nxe7 24. Qxd6 Nc6 25. Qc5 Bxe2 26. Bxe2 Re8 27. Bb5 Rg8
28. Bxc6 bxc6 29. Bxe5 f6 30. Bf4 Qe8 31. Qe3 Qh5 32. Qf3 Qxf3 33. Rxf3 fxg5
34. Bxg5 h6 35. Bd2 Re8 36. Re3 Ra8 37. e5 Kg8 38. Kf2 Kf7 39. Bc3 Ra2 40. e6+
Ke7 41. Re2 Ra4 42. Be5 Rh4 43. Kg3 Rc4 44. Bxg7 h5 45. f6+ Kd8 46. Rd2+ Ke8
47. f7+ 1-0

[Event "5eme Open International de La Fere"]
[Site "La Fere (FRA)"]
[Date "2006.07.10"]
[Round "4.33"]
[White "Guille, Nicolas"]
[Black "Casier, Fabrice"]
[Result "1-0"]
[WhiteElo "1660"]
[BlackElo "1891"]
[PlyCount "59"]
[EventDate "2006.07.08"]

1. e4 d5 2. exd5 Qxd5 3. Nc3 Qa5 4. d4 c6 5. d5 Nf6 6. dxc6 Nxc6 7. Bb5 Bd7 8.
Nge2 a6 9. Bxc6 Bxc6 10. f3 e5 11. Bd2 Qb6 12. Ng3 Bc5 13. Qe2 O-O 14. O-O-O
Rfe8 15. Bg5 Bb5 16. Nxb5 axb5 17. Bxf6 Qxf6 18. Qxb5 Be3+ 19. Kb1 Qe6 20. Rd5
b6 21. Rhd1 Bd4 22. Qd7 Qg6 23. Rd6 f6 24. Qf5 Qf7 25. a3 Qc4 26. Qe4 Red8 27.
Rxd8+ Rxd8 28. c3 Qb3 29. Qc2 Qb5 30. cxd4 1-0

[Event "5eme Open International de La Fere"]
[Site "La Fere (FRA)"]
[Date "2006.07.10"]
[Round "4.35"]
[White "Gobeaut, Benjamin"]
[Black "Hutin, Evgueny"]
[Result "0-1"]
[WhiteElo "1675"]
[BlackElo "1880"]
[PlyCount "82"]
[EventDate "2006.07.08"]

1. d4 d5 2. Nf3 Nf6 3. Bg5 Ne4 4. Bf4 c5 5. e3 Nd7 6. Nbd2 Ndf6 7. Bd3 e6 8. c3
b6 9. Bg5 Nxg5 10. Nxg5 h6 11. Ngf3 Bd6 12. O-O Bb7 13. Re1 Ne4 14. Bb5+ Kf8
15. Bd3 Qc7 16. h3 g5 17. Nf1 f5 18. Ne5 Bxe5 19. dxe5 Qxe5 20. Bxe4 Qxe4 21.
Nd2 Qd3 22. Nf3 Qxd1 23. Raxd1 Ke7 24. Ne5 Rhd8 25. Rd2 Kf6 26. Nd3 d4 27. exd4
cxd4 28. c4 Rac8 29. b3 Be4 30. f3 Bxd3 31. Rxd3 e5 32. Red1 Rc7 33. Kf2 Ke6
34. Ke2 Rcd7 35. a3 e4 36. fxe4 fxe4 37. R3d2 Ke5 38. a4 Rf7 39. Re1 e3 40.
Rdd1 Ke4 41. Rf1 Rdf8 0-1

[Event "5eme Open International de La Fere"]
[Site "La Fere (FRA)"]
[Date "2006.07.10"]
[Round "4.36"]
[White "Lombard, Christophe"]
[Black "Delias, Gerard"]
[Result "1-0"]
[WhiteElo "1880"]
[BlackElo "1610"]
[PlyCount "85"]
[EventDate "2006.07.08"]

1. e4 c5 2. f4 d5 3. exd5 Nf6 4. Bb5+ Bd7 5. Bxd7+ Qxd7 6. c4 e6 7. Qe2 Be7 8.
Nf3 exd5 9. Ne5 Qc7 10. cxd5 O-O 11. Nc3 a6 12. O-O Nbd7 13. Nc4 Rfe8 14. d3 b5
15. Ne3 Nb6 16. Qf3 Rad8 17. g4 g6 18. g5 Nh5 19. Ng4 Rf8 20. Qe4 Qd7 21. Ne5
Qc7 22. Nc6 Rde8 23. Nxe7+ Rxe7 24. Qf3 Qd6 25. Be3 Rfe8 26. Ne4 Qxd5 27. Bxc5
Rxe4 28. Bxb6 Rd4 29. Bxd4 Qxd4+ 30. Qf2 Qxd3 31. Rfe1 Rd8 32. Re3 Qd2 33. Rae1
Qxf2+ 34. Kxf2 Nxf4 35. Re8+ Rxe8 36. Rxe8+ Kg7 37. Ke3 Ne6 38. h4 h6 39. gxh6+
Kxh6 40. Rh8+ Kg7 41. Ra8 Nc7 42. Rb8 Nd5+ 43. Ke4 1-0

[Event "5eme Open International de La Fere"]
[Site "La Fere (FRA)"]
[Date "2006.07.10"]
[Round "4.37"]
[White "Bouguettouche, Didier"]
[Black "Vinckier, Delphine"]
[Result "0-1"]
[WhiteElo "1510"]
[BlackElo "1590"]
[PlyCount "78"]
[EventDate "2006.07.08"]

1. e4 e6 2. d3 d5 3. exd5 exd5 4. Nf3 Bg4 5. Be2 Nf6 6. c3 Nc6 7. d4 Bd6 8. O-O
O-O 9. Bg5 Qe7 10. Re1 Rfe8 11. Nbd2 h6 12. Bxf6 Qxf6 13. Kh1 Ne7 14. c4 c6 15.
Ng1 Bxe2 16. Nxe2 Nf5 17. c5 Bc7 18. a3 Nxd4 19. Nxd4 Qxd4 20. b4 Qxf2 21. Rg1
Bxh2 22. Rf1 Qg3 23. Qh5 Qc3 24. Kxh2 Qxd2 25. Qxf7+ Kh8 26. Qxb7 Rf8 27. Rad1
Qe2 28. Rfe1 Qh5+ 29. Kg1 Qg6 30. Qd7 Rf7 31. Qh3 Raf8 32. Rf1 Qc2 33. Rc1 Qd2
34. g3 Qe3+ 35. Kh2 Rf2+ 36. Kh1 Qf3+ 37. Kg1 Qe3 38. Rce1 Re2+ 39. Kh1 Rxe1
0-1

[Event "5eme Open International de La Fere"]
[Site "La Fere (FRA)"]
[Date "2006.07.10"]
[Round "4.38"]
[White "Fauchart, Francois"]
[Black "Delescluse, Oriane"]
[Result "1/2-1/2"]
[WhiteElo "1560"]
[BlackElo "1490"]
[PlyCount "90"]
[EventDate "2006.07.08"]

1. e4 d6 2. Nc3 Nf6 3. d3 e5 4. Nge2 Nc6 5. h3 Be6 6. Be3 Be7 7. Qd2 Qd7 8.
O-O-O O-O-O 9. g4 d5 10. exd5 Nxd5 11. Rg1 Kb8 12. a3 f6 13. Nxd5 Bxd5 14. c4
Bf3 15. Rg3 Nd4 16. Bxd4 Bxe2 17. Bxa7+ Kxa7 18. Qa5+ Kb8 19. Bxe2 Qd4 20. Rg2
Rd6 21. Kc2 Rhd8 22. Qc3 Qa7 23. Rb1 Ra6 24. Bf3 Bc5 25. Be4 h6 26. Kd1 Bxf2
27. Qc2 Bd4 28. Ra1 Qb6 29. Ra2 Qa7 30. a4 Bc5 31. b3 Bb4 32. Qe2 Qd4 33. Qc2
Qc3 34. Qxc3 Bxc3 35. Rgc2 Bb4 36. c5 Rd4 37. Rc4 Rxc4 38. dxc4 Bxc5 39. Rd2
Rd6 40. Rd5 c6 41. Rxd6 Bxd6 42. Kc2 Bb4 43. Kd3 Kc7 44. Bf5 Kd6 45. Be4 Kc5
1/2-1/2

[Event "5eme Open International de La Fere"]
[Site "La Fere (FRA)"]
[Date "2006.07.10"]
[Round "4.39"]
[White "Turlin, Simon"]
[Black "Mathieu, Roger"]
[Result "1-0"]
[WhiteElo "1490"]
[BlackElo "1560"]
[PlyCount "137"]
[EventDate "2006.07.08"]

1. e4 c5 2. Nf3 d6 3. Bb5+ Bd7 4. Bxd7+ Nxd7 5. Nc3 Ngf6 6. d3 a6 7. Bf4 g6 8.
O-O Bg7 9. Qd2 O-O 10. Bh6 b5 11. a3 Qc7 12. Rfe1 Rac8 13. Qg5 Rfe8 14. Nh4
Bxh6 15. Qxh6 Ng4 16. Qg5 Ngf6 17. Nf3 Kg7 18. Nh4 e5 19. Nf5+ Kh8 20. Ne3 Qd8
21. Qh5 Ng8 22. Qh3 Qg5 23. Qxd7 Nf6 24. Qh3 Nh5 25. Qg4 Qh6 26. Qf3 Rf8 27.
Ncd5 Qg7 28. c4 Rb8 29. b4 f6 30. Qh3 Qf7 31. Ng4 f5 32. Nh6 Qg7 33. Nxf5 Qf7
34. Re3 gxf5 35. Rf3 f4 36. Qh4 Nf6 37. Nxf6 Qxf6 38. Qxf6+ Rxf6 39. g3 Rbf8
40. Kg2 h5 41. Rb1 Kh7 42. cxb5 axb5 43. bxc5 dxc5 44. Rxb5 Ra8 45. Rxc5 Re6
46. Rc3 Kg6 47. gxf4 exf4 48. Rxf4 Kg5 49. Rf5+ Kh6 50. f4 Rg8+ 51. Kf3 Rg1 52.
a4 Ra1 53. a5 Ra2 54. h4 Rg6 55. Rg5 Ra6 56. Rcc5 Ra3 57. Rxh5+ Kg6 58. Rcg5+
Kf7 59. Rd5 Kg6 60. Rhg5+ Kf7 61. Kg4 Rc6 62. h5 Ra1 63. Rdf5+ Ke8 64. Re5+ Kf7
65. Rb5 Ra3 66. Rb7+ Kf8 67. Rd5 Rc8 68. h6 Rac3 69. h7 1-0

[Event "5eme Open International de La Fere"]
[Site "La Fere (FRA)"]
[Date "2006.07.10"]
[Round "4.40"]
[White "Gobeaut, Claudine"]
[Black "Belafkih, Kimia"]
[Result "1/2-1/2"]
[WhiteElo "1537"]
[BlackElo "1450"]
[PlyCount "68"]
[EventDate "2006.07.08"]

1. d4 d5 2. Nf3 Nf6 3. Bg5 Bg4 4. Nbd2 e6 5. c3 Nbd7 6. Ne5 Be7 7. Bxf6 Nxf6 8.
f3 Bf5 9. e3 Qd6 10. Be2 Qb6 11. Qc1 Bd6 12. f4 Ne4 13. O-O O-O 14. Nd7 Qc6 15.
Nxf8 Rxf8 16. c4 b6 17. Nxe4 Bxe4 18. b3 Qd7 19. c5 bxc5 20. dxc5 Be7 21. Bf3
Bf5 22. Rd1 Bf6 23. e4 Bxa1 24. exf5 Bf6 25. g3 Be7 26. Qc2 Qc6 27. b4 Qb5 28.
a3 Qa6 29. a4 c6 30. Be2 Qc8 31. Bd3 h6 32. Rd2 Re8 33. h4 Qc7 34. Re2 Qd7
1/2-1/2

[Event "5eme Open International de La Fere"]
[Site "La Fere (FRA)"]
[Date "2006.07.10"]
[Round "4.41"]
[White "Wolfangel, Jocelyne"]
[Black "Manet, Anthony"]
[Result "0-1"]
[WhiteElo "1420"]
[BlackElo "1530"]
[PlyCount "132"]
[EventDate "2006.07.08"]

1. d4 d5 2. c4 dxc4 3. a4 Nf6 4. Nc3 Bf5 5. e3 e6 6. Bxc4 Bb4 7. Nge2 Nc6 8.
Ng3 Bg6 9. O-O O-O 10. Bd2 Qd7 11. Nb1 Bxd2 12. Qxd2 Ne4 13. Nxe4 Bxe4 14. f3
Bg6 15. b4 Qd6 16. Na3 Qxb4 17. Qxb4 Nxb4 18. e4 Nc6 19. Rfd1 a6 20. d5 exd5
21. Bxd5 Rab8 22. Bxc6 bxc6 23. Rab1 f6 24. Rxb8 Rxb8 25. Rb1 Rxb1+ 26. Nxb1
Kf8 27. Nd2 Ke7 28. Kf2 Kd6 29. Ke3 Kc5 30. Kd3 Kb4 31. Nc4 Kxa4 32. Kc3 Kb5
33. Na3+ Kc5 34. Nc2 Bf7 35. g3 a5 36. f4 g6 37. e5 fxe5 38. fxe5 Kd5 39. Nd4
Kxe5 40. Nxc6+ Kf5 41. Nxa5 Kg4 42. Nc6 Kh3 43. Ne5 Bd5 44. Kd4 Bb7 45. Ke3
Kxh2 46. Kf2 c5 47. Ng4+ Kh3 48. Ne3 h5 49. Nc4 h4 50. gxh4 Kxh4 51. Ne5 g5 52.
Ke3 g4 53. Kf2 g3+ 54. Kg1 g2 55. Nc4 Kg5 56. Ne3 Kf4 57. Nxg2+ Bxg2 58. Kf2
Bc6 59. Ke2 Ke4 60. Kd2 Kd4 61. Kc2 c4 62. Kd2 c3+ 63. Kc2 Be4+ 64. Kc1 Kd3 65.
Kd1 Bf3+ 66. Kc1 c2 0-1

[Event "5eme Open International de La Fere"]
[Site "La Fere (FRA)"]
[Date "2006.07.10"]
[Round "4.42"]
[White "Bedu, Jean-Pierre"]
[Black "Beltri, Gilles"]
[Result "0-1"]
[WhiteElo "1520"]
[BlackElo "1400"]
[PlyCount "50"]
[EventDate "2006.07.08"]

1. d4 e6 2. c4 Bb4+ 3. Bd2 Qe7 4. Nf3 Nf6 5. a3 Bxd2+ 6. Nbxd2 b6 7. g3 Bb7 8.
Bg2 d6 9. O-O Nbd7 10. Re1 O-O 11. e4 e5 12. d5 Bc8 13. b4 a5 14. Re2 Re8 15.
Ne1 Nf8 16. Nd3 Bd7 17. b5 Qd8 18. Qf1 Nh5 19. f4 Qf6 20. Rf2 exf4 21. Nxf4
Nxf4 22. Rxf4 Qd4+ 23. Qf2 Qxa1+ 24. Nf1 f6 25. g4 Ng6 0-1

[Event "5eme Open International de La Fere"]
[Site "La Fere (FRA)"]
[Date "2006.07.10"]
[Round "4.43"]
[White "Lever, Erwan"]
[Black "Lepere, Corentin"]
[Result "0-1"]
[WhiteElo "1390"]
[BlackElo "1520"]
[PlyCount "94"]
[EventDate "2006.07.08"]

1. d4 c5 2. c4 e6 3. e4 Qb6 4. Nf3 cxd4 5. Nxd4 Bc5 6. Be3 Qxb2 7. Nc2 Bxe3 8.
fxe3 Nc6 9. Bd3 Nb4 10. O-O Nxc2 11. Qxc2 Qxc2 12. Bxc2 Nf6 13. e5 Ng4 14. Nc3
a6 15. Rad1 Nxe3 16. Bb3 Nxd1 17. Nxd1 O-O 18. Rf3 f6 19. Rh3 fxe5 20. Bc2 h6
21. Nf2 Rf4 22. Bg6 d5 23. cxd5 exd5 24. Nd3 Bxh3 25. Nxf4 exf4 26. gxh3 b5 27.
Bf5 Kf7 28. Kf2 Kf6 29. Bd3 Re8 30. Bc2 Re3 31. a4 Rxh3 32. Bd1 Rxh2+ 33. Kg1
Ra2 34. axb5 Ra1 35. bxa6 Rxd1+ 36. Kf2 Ra1 37. Kf3 Kf5 38. Ke2 Rxa6 39. Kd3 g5
40. Ke2 g4 41. Kd2 h5 42. Ke2 h4 43. Kf2 Ra2+ 44. Ke1 Ke4 45. Kd1 Ke3 46. Kc1
Rh2 47. Kd1 f3 0-1

[Event "5eme Open International de La Fere"]
[Site "La Fere (FRA)"]
[Date "2006.07.10"]
[Round "4.44"]
[White "Soriano, Jean-Claude"]
[Black "Mataigne, Jean-Michel"]
[Result "0-1"]
[WhiteElo "1620"]
[BlackElo "1963"]
[PlyCount "58"]
[EventDate "2006.07.08"]

1. d4 Nf6 2. Bf4 g6 3. Nf3 Bg7 4. Nbd2 O-O 5. e4 d6 6. h3 Nc6 7. c3 Nh5 8. Be3
e5 9. d5 Ne7 10. g4 Nf4 11. Bxf4 exf4 12. Qc2 c6 13. dxc6 bxc6 14. Bd3 Rb8 15.
O-O h5 16. Nh2 hxg4 17. hxg4 Be5 18. Kg2 g5 19. Rab1 Be6 20. Ndf3 Ng6 21. Rh1
Kg7 22. b3 Rh8 23. c4 Qd7 24. Nxe5 Nxe5 25. f3 Rh4 26. Qe2 Rbh8 27. Rbg1 Bxg4
28. Nxg4 Rxg4+ 29. fxg4 f3+ 0-1

[Event "5eme Open International de La Fere"]
[Site "La Fere (FRA)"]
[Date "2006.07.10"]
[Round "4.45"]
[White "Vinsard, Cyril"]
[Black "Bourson, Joel"]
[Result "1/2-1/2"]
[WhiteElo "1809"]
[BlackElo "1600"]
[PlyCount "130"]
[EventDate "2006.07.08"]

1. e4 d6 2. d4 Nf6 3. Bd3 g6 4. f4 Bg4 5. Nf3 Bg7 6. h3 Bxf3 7. Qxf3 c6 8. c3
Nbd7 9. e5 dxe5 10. fxe5 Nd5 11. Nd2 O-O 12. O-O Qc7 13. Ne4 Qb6 14. Kh1 Qd8
15. Ng5 Qe8 16. Qg4 h6 17. Nxf7 Rxf7 18. Rxf7 Qxf7 19. Qxd7 e6 20. Qxf7+ Kxf7
21. Bd2 g5 22. Rf1+ Ke7 23. c4 Nf4 24. Bxf4 gxf4 25. Rxf4 c5 26. Bg6 Rf8 27.
Rxf8 Bxf8 28. dxc5 Kd7 29. b4 Bg7 30. Be4 Kc7 31. b5 Bxe5 32. g4 Bd4 33. c6 b6
34. Kg2 Kd6 35. Kf3 Bf6 36. Bg6 Bd8 37. Ke4 Bf6 38. Bf7 Bd8 39. Bg8 Bf6 40. Kd3
Bd8 41. Kc3 Be7 42. a4 Bf6+ 43. Kb3 Bd8 44. Kb4 Bc7 45. Kc3 Ke5 46. Kd3 Bd8 47.
Ke2 Kd4 48. Kf3 Ke5 49. h4 Kd6 50. Kg3 Be7 51. a5 bxa5 52. c5+ Kc7 53. Bxe6
Bxc5 54. g5 hxg5 55. hxg5 Bd6+ 56. Kg4 Kb6 57. g6 Be5 58. Kf5 Bg7 59. Bc4 Kc7
60. Ke6 a6 61. Kf7 Bc3 62. g7 Bxg7 63. Kxg7 a4 64. bxa6 Kxc6 65. Bb5+ Kb6
1/2-1/2

[Event "5eme Open International de La Fere"]
[Site "La Fere (FRA)"]
[Date "2006.07.10"]
[Round "4.46"]
[White "Lapersonne, Patrick"]
[Black "Brobecker, Alain"]
[Result "0-1"]
[WhiteElo "1600"]
[BlackElo "1763"]
[PlyCount "90"]
[EventDate "2006.07.08"]

1. c4 g6 2. Nc3 Bg7 3. e3 d6 4. d4 Nf6 5. Nf3 Nbd7 6. b3 c5 7. Bb2 O-O 8. Be2
Qc7 9. O-O Rd8 10. Qc2 a6 11. d5 e6 12. e4 e5 13. Rab1 Nf8 14. Bc1 Rb8 15. b4
b6 16. bxc5 bxc5 17. Bd2 Bd7 18. Rb2 Rxb2 19. Qxb2 Rb8 20. Qc2 Rb7 21. Rb1 Qb8
22. Bd3 Ng4 23. Rxb7 Qxb7 24. Qb1 Qxb1+ 25. Bxb1 f5 26. Bg5 Nf6 27. Nd2 h6 28.
Bxf6 Bxf6 29. Bc2 Bg5 30. Nb3 Kf7 31. Na5 Bd2 32. exf5 gxf5 33. Nc6 Bxc3 34.
Nb8 Bc8 35. h3 Kf6 36. h4 Nd7 37. Nc6 Nb6 38. Bd3 e4 39. Be2 a5 40. Na7 Ba6 41.
Nb5 Bxb5 42. cxb5 Nxd5 43. Bc4 Nb6 44. Be2 d5 45. a4 Nxa4 0-1

[Event "5eme Open International de La Fere"]
[Site "La Fere (FRA)"]
[Date "2006.07.10"]
[Round "4.52"]
[White "Lonnoy, Simon"]
[Black "Leroy, Cedric"]
[Result "1-0"]
[WhiteElo "1640"]
[BlackElo "1440"]
[PlyCount "39"]
[EventDate "2006.07.08"]

1. e4 d6 2. Nf3 Nf6 3. Nc3 g6 4. d4 Bg7 5. Bc4 O-O 6. O-O c5 7. dxc5 dxc5 8.
Qe2 Qc7 9. g3 e6 10. Bf4 Qe7 11. Rad1 Nc6 12. Bd6 Qe8 13. Bxf8 Qxf8 14. Rd2 b6
15. Rfd1 Bb7 16. Nb5 Na5 17. Nd6 Nxc4 18. Qxc4 Bc6 19. Ng5 Be8 20. Qa6 1-0

[Event "5eme Open International de La Fere"]
[Site "La Fere (FRA)"]
[Date "2006.07.10"]
[Round "4.60"]
[White "Barbry, Quentin"]
[Black "Gressent, Arnaud"]
[Result "1/2-1/2"]
[WhiteElo "1510"]
[BlackElo "1199"]
[PlyCount "55"]
[EventDate "2006.07.08"]

1. e4 e5 2. Nf3 Nc6 3. Bc4 Bc5 4. d3 d6 5. c3 Nf6 6. a4 Bg4 7. b4 Bxb4 8. cxb4
Nxb4 9. Bg5 O-O 10. Nc3 Be6 11. Bxe6 fxe6 12. Rb1 c5 13. O-O b6 14. Nd2 Nxd3
15. Qb3 Qd7 16. Ne2 Nb4 17. Qg3 Rf7 18. Rb3 Qxa4 19. Rf3 Raf8 20. Bh6 Qd7 21.
Nc3 Nc6 22. Nc4 Nd4 23. Rd3 Re7 24. Re1 Nc2 25. Re2 Nd4 26. Re1 Nc2 27. Re2 Nd4
28. Re1 1/2-1/2

[Event "5eme Open International de La Fere"]
[Site "La Fere (FRA)"]
[Date "2006.07.11"]
[Round "5.2"]
[White "Afek, Yochanan"]
[Black "Gozzoli, Yannick"]
[Result "1/2-1/2"]
[WhiteElo "2316"]
[BlackElo "2470"]
[PlyCount "40"]
[EventDate "2006.07.11"]

1. e4 c5 2. Nf3 d6 3. d4 Nf6 4. Nc3 cxd4 5. Nxd4 a6 6. Bc4 e6 7. Bb3 Nbd7 8.
Be3 Nc5 9. f3 b5 10. Qd2 Qc7 11. g4 Bb7 12. g5 Nfd7 13. h4 b4 14. Nce2 a5 15.
a4 Ne5 16. Rh3 Ba6 17. Nb5 Bxb5 18. axb5 Nxb3 19. cxb3 Qb7 20. b6 Be7 1/2-1/2

[Event "5eme Open International de La Fere"]
[Site "La Fere (FRA)"]
[Date "2006.07.11"]
[Round "5.3"]
[White "Ninov, Nikolai"]
[Black "Achereiner, Guillaume"]
[Result "1-0"]
[WhiteElo "2517"]
[BlackElo "1975"]
[PlyCount "39"]
[EventDate "2006.07.11"]

1. e4 e6 2. d4 d5 3. Nc3 Nf6 4. Bg5 Bb4 5. e5 h6 6. Bd2 Bxc3 7. Bxc3 Ne4 8. Ne2
Bd7 9. Bb4 Bb5 10. a4 Bxe2 11. Bxe2 a5 12. Ba3 c5 13. Bb5+ Nc6 14. Qg4 Qg5 15.
Qxg5 hxg5 16. Ke2 g4 17. f3 gxf3+ 18. gxf3 Ng5 19. Bxc5 Rh3 20. Rhg1 1-0

[Event "5eme Open International de La Fere"]
[Site "La Fere (FRA)"]
[Date "2006.07.11"]
[Round "5.4"]
[White "Bagaturov, Giorgi"]
[Black "Godart, Francois"]
[Result "1-0"]
[WhiteElo "2461"]
[BlackElo "1952"]
[PlyCount "67"]
[EventDate "2006.07.11"]

1. d4 Nf6 2. c4 e6 3. Nf3 b6 4. a3 Bb7 5. Nc3 d5 6. cxd5 Nxd5 7. Qc2 Nd7 8.
Nxd5 exd5 9. Bg5 f6 10. Bf4 c5 11. dxc5 Nxc5 12. e3 a6 13. Nd4 Rc8 14. Qd1 Bd6
15. Bxd6 Qxd6 16. Bd3 g6 17. O-O O-O 18. Qe2 Rc7 19. Rad1 f5 20. g3 b5 21. Bb1
Rfc8 22. Qf3 Nd7 23. Ba2 Ne5 24. Qe2 Nc4 25. Nf3 Qc6 26. Rd4 Kg7 27. Rfd1 Nb6
28. Ne1 Qe6 29. Nd3 Rc2 30. Qe1 Qf7 31. Bb3 R2c7 32. Nf4 Rc5 33. e4 Re8 34. Qb4
1-0

[Event "5eme Open International de La Fere"]
[Site "La Fere (FRA)"]
[Date "2006.07.11"]
[Round "5.5"]
[White "Bessat, Remy"]
[Black "Dumitrache, Dragos-Nicolae"]
[Result "0-1"]
[WhiteElo "1974"]
[BlackElo "2451"]
[PlyCount "100"]
[EventDate "2006.07.11"]

1. e4 c5 2. Nf3 d6 3. d4 Nf6 4. Nc3 cxd4 5. Nxd4 a6 6. Bg5 e6 7. f4 Qb6 8. Qd2
Nc6 9. O-O-O Bd7 10. Be2 Nxd4 11. Qxd4 Qxd4 12. Rxd4 Bc6 13. Bf3 Nd7 14. Rhd1
b5 15. Nd5 Rc8 16. Bh4 h6 17. Nb4 Bb7 18. e5 Bxf3 19. gxf3 g5 20. Bg3 gxf4 21.
Bxf4 Nxe5 22. Nxa6 Nc4 23. R4d3 Rg8 24. Bg3 h5 25. Kb1 Be7 26. Rg1 d5 27. Bf2
Rxg1+ 28. Bxg1 Kd7 29. Rd1 Rg8 30. Bc5 Bxc5 31. Nxc5+ Kc6 32. Nd3 Rg2 33. Rh1
Nd2+ 34. Kc1 Nxf3 35. Rf1 Nd4 36. Rxf7 Rxc2+ 37. Kb1 Rxh2 38. a3 Kb6 39. Rh7 h4
40. Rh6 Nf5 41. Rh8 Nd4 42. Rh6 Nf5 43. Rh8 d4 44. Rd8 Kc7 45. Re8 Kd7 46. Rb8
Rh3 47. Nc5+ Kd6 48. Rxb5 Re3 49. b4 h3 50. Rb6+ Kd5 0-1

[Event "5eme Open International de La Fere"]
[Site "La Fere (FRA)"]
[Date "2006.07.11"]
[Round "5.6"]
[White "Riff, Jean-Noel"]
[Black "Vandervorst, Marc"]
[Result "1-0"]
[WhiteElo "2444"]
[BlackElo "1932"]
[PlyCount "83"]
[EventDate "2006.07.11"]

1. e4 e5 2. Nf3 Nc6 3. Bb5 Bc5 4. O-O Nf6 5. c3 a6 6. Bxc6 dxc6 7. Nxe5 Bd6 8.
Nf3 Bf4 9. e5 Nd5 10. Re1 O-O 11. d4 Bxc1 12. Qxc1 Bg4 13. Nbd2 h6 14. Qc2 Qd7
15. c4 Nf4 16. Qe4 Ng6 17. Rad1 f5 18. Qe3 f4 19. Qb3 b5 20. cxb5+ Be6 21. Qc2
Ne7 22. bxc6 Nxc6 23. Ne4 Bxa2 24. b3 Nb4 25. Qc4+ Qd5 26. Qxb4 Bxb3 27. Rc1 a5
28. Qc5 a4 29. Qxd5+ Bxd5 30. Nc3 Bb3 31. Nd2 Rfd8 32. Nxb3 axb3 33. Rb1 Rxd4
34. Rxb3 Rd3 35. Rc1 Kf7 36. Rbb1 Ra5 37. Ne2 g5 38. Rxc7+ Ke6 39. Rc6+ Kxe5
40. Re1 Kf5 41. Rxh6 Ra2 42. Nc1 1-0

[Event "5eme Open International de La Fere"]
[Site "La Fere (FRA)"]
[Date "2006.07.11"]
[Round "5.7"]
[White "Menneveux, Jerome"]
[Black "Grigorov, Grigor"]
[Result "0-1"]
[WhiteElo "1918"]
[BlackElo "2425"]
[PlyCount "80"]
[EventDate "2006.07.11"]

1. e4 c5 2. Nf3 d6 3. d4 Nf6 4. Nc3 cxd4 5. Nxd4 a6 6. Bc4 e6 7. Bb3 b5 8. O-O
Be7 9. f4 b4 10. Na4 O-O 11. f5 e5 12. Nf3 Bb7 13. Re1 Nbd7 14. Qd3 Bc6 15. c3
a5 16. Bg5 Qb8 17. Rac1 Qa7+ 18. Be3 Qb7 19. Bg5 Rae8 20. Nd2 Bb5 21. c4 Bc6
22. Bc2 Bxa4 23. Bxa4 Nc5 24. Qc2 Ng4 25. Be3 Nxe3 26. Rxe3 Bg5 27. Re2 Bxd2
28. Rxd2 Nxa4 29. Qxa4 Qxe4 30. Qc2 Qc6 31. Rcd1 e4 32. Rxd6 Qc5+ 33. Kh1 Qxf5
34. Re1 Re5 35. Rd4 Rfe8 36. h3 h6 37. b3 Qe6 38. Qe2 e3 39. Rf4 Rd8 40. Qf3 e2
0-1

[Event "5eme Open International de La Fere"]
[Site "La Fere (FRA)"]
[Date "2006.07.11"]
[Round "5.8"]
[White "Le Kouaghet, Euwen"]
[Black "Clery, Nicolas"]
[Result "0-1"]
[WhiteElo "1867"]
[BlackElo "2278"]
[PlyCount "48"]
[EventDate "2006.07.11"]

1. c4 e6 2. Nc3 c5 3. Nf3 b6 4. d4 cxd4 5. Nxd4 Bb7 6. Bf4 d6 7. Bg3 a6 8. e4
Nf6 9. f3 Be7 10. Qd2 O-O 11. Be2 Nbd7 12. O-O Rc8 13. Rfd1 Kh8 14. b3 Qc7 15.
Nc2 Ne5 16. Rac1 g5 17. Bf2 Rg8 18. Bd3 Nh5 19. Nd4 g4 20. Be2 g3 21. Be3 gxh2+
22. Kxh2 Bh4 23. g4 d5 24. Kg2 dxe4 0-1

[Event "5eme Open International de La Fere"]
[Site "La Fere (FRA)"]
[Date "2006.07.11"]
[Round "5.9"]
[White "Dagnicourt, Francis"]
[Black "Maupin, Valerie"]
[Result "0-1"]
[WhiteElo "1810"]
[BlackElo "2007"]
[PlyCount "72"]
[EventDate "2006.07.11"]

1. d4 d5 2. c4 e6 3. Nf3 Nf6 4. e3 c6 5. Bd3 Nbd7 6. cxd5 exd5 7. O-O Bd6 8.
Nc3 O-O 9. Qc2 Re8 10. Bd2 Nf8 11. Rfe1 Bg4 12. Be2 Ne4 13. Ne5 Bxe2 14. Nxe4
Bxe5 15. dxe5 Rxe5 16. Rxe2 dxe4 17. Bc3 Re6 18. Rd2 Qh4 19. Rad1 Rh6 20. Be5
Re8 21. Qc3 Qg4 22. Bg3 Rhe6 23. Qb3 b6 24. Qa4 a5 25. Bc7 Rg6 26. Bg3 h5 27.
h4 Rge6 28. Qd4 g5 29. hxg5 h4 30. Bf4 h3 31. Bg3 hxg2 32. Kxg2 Qf3+ 33. Kh2
Rg6 34. Rh1 Ne6 35. Qe5 Rxg5 36. Rg1 Qh5+ 0-1